<?xml version="1.0" encoding="UTF-8"?>
<marc:record xmlns:marc="http://www.loc.gov/MARC21/slim">
   <marc:leader>00000nam a2200000 a 4500</marc:leader>
   <marc:datafield ind1="1" ind2=" " tag="100">
      <marc:subfield code="a">Minier, Bernard</marc:subfield>
      <marc:subfield code="4">aut</marc:subfield>
      <marc:subfield code="e">Verfasser/-in</marc:subfield>
   </marc:datafield>
   <marc:datafield ind1="0" ind2="0" tag="245">
      <marc:subfield code="a">Kindertotenlied</marc:subfield>
   </marc:datafield>
   <marc:datafield ind1="0" ind2="0" tag="245">
      <marc:subfield code="b">Thriller</marc:subfield>
   </marc:datafield>
   <marc:datafield ind1="0" ind2="0" tag="245">
      <marc:subfield code="c">Minier, Bernard</marc:subfield>
   </marc:datafield>
   <marc:datafield ind1=" " ind2="1" tag="264">
      <marc:subfield code="a">München</marc:subfield>
      <marc:subfield code="b">Droemer</marc:subfield>
      <marc:subfield code="c">2015</marc:subfield>
   </marc:datafield>
   <marc:datafield ind1=" " ind2=" " tag="250">
      <marc:subfield code="a">Vollst. Taschenbuchausg.</marc:subfield>
   </marc:datafield>
   <marc:datafield ind1="1" ind2=" " tag="520">
      <marc:subfield code="a">Angaben aus der Verlagsmeldung

Kindertotenlied : Thriller Kindertotenlied / von Bernard Minier

Hochsommerliche Hitze und heftige Gewitter belasten die Menschen im Süden Frankreichs, als ein brutaler Mord geschieht. Eine Professorin der Elite-Universität Marsac liegt ertrunken und grausam gefesselt in der Badewanne. In ihrem Rachen steckt eine Taschenlampe. Ohrenbetäubende Musik von Gustav Mahler schallt durch die Nacht. Kindertotenlieder. Beklemmung macht sich in Kommissar Martin Servaz breit. Ist Mahler doch der Lieblingskomponist des hochintelligenten und seit Monaten flüchtigen Serienmörders Julian Hirtmann. Hauptverdächtig ist jedoch ein Student: ausgerechnet der Sohn von Kommissar Servaz` Jugendliebe. Die Ermittlungen führen den Kommissar zu einem mysteriösen Studentenzirkel und zwingen ihn zu einer Reise in die eigene Vergangenheit. Amicus mihi Plato, sed magis amica veritas - Platon ist mir lieb, aber noch lieber ist mir die Wahrheit, lautet sein Motto. Doch die Wahrheit wird ihn in diesem Fall schmerzhaft an die Grenzen des Vorstellbaren bringen.

»Bernard Minier ist ein exzellenter Erzähler und ein Meister der Spannung. Großes Kino!« Le Figaro
»Ein atemberaubender Thriller mit
einem hochintelligenten Serienmörder, der Thomas Harris' unsterbli­chen Hannibal Lecter an Intelligenz und Gerissenheit in nichts nachsteht.« Daily Mail
</marc:subfield>
   </marc:datafield>
   <marc:datafield ind1=" " ind2=" " tag="020">
      <marc:subfield code="a">9783426304471</marc:subfield>
      <marc:subfield code="9">9783426304471</marc:subfield>
   </marc:datafield>
   <marc:datafield ind1=" " ind2=" " tag="020">
      <marc:subfield code="a">3426304473</marc:subfield>
      <marc:subfield code="9">3426304473</marc:subfield>
   </marc:datafield>
   <marc:datafield ind1=" " ind2=" " tag="041">
      <marc:subfield code="a">ger</marc:subfield>
   </marc:datafield>
   <marc:datafield ind1=" " ind2=" " tag="300">
      <marc:subfield code="a">652 S.</marc:subfield>
   </marc:datafield>
</marc:record>
